Zambia vision 2030: a prosperous middle-income nation by 2030 (Record no. 83418)

MARC details
000 -LEADER
fixed length control field 01115nam a2200181 a 4500
008 - FIXED-LENGTH DATA ELEMENTS--GENERAL INFORMATION
fixed length control field 070427s2006 ||||||||||||||||| || u
050 ## - LIBRARY OF CONGRESS CALL NUMBER
Classification number GOV.ZAM(02)2006/5A
110 ## - MAIN ENTRY--CORPORATE NAME
Corporate name or jurisdiction name as entry element Government of the Republic of Zambia (GRZ)
245 10 - TITLE STATEMENT
Title Zambia vision 2030: a prosperous middle-income nation by 2030
260 ## - PUBLICATION, DISTRIBUTION, ETC.
Place of publication, distribution, etc. Lusaka
Name of publisher, distributor, etc. Government of the Republic of Zambia
Date of publication, distribution, etc. 2006
300 ## - PHYSICAL DESCRIPTION
Extent 33p.: ill.
350 ## -
-- 0.00
650 ## - SUBJECT ADDED ENTRY--TOPICAL TERM
Topical term or geographic name entry element DEVELOPMENT PLANNING--ZAMBIA
995 ## -
-- SPECIAL COLLECTIONS
-- 0.00
-- 03004022
-- CBU-MAIN LIBRARY (Kitwe)
-- 1
-- 0.00
-- GOV.ZAM(02)2006/5B
-- 2
-- AVAILABLE
-- May 20, 2009
-- 03004022
-- Zambiana Collection
995 ## -
-- SPECIAL COLLECTIONS
-- 0.00
-- 03008287
-- CBU-MAIN LIBRARY (Kitwe)
-- 1
-- 0.00
-- GOV.ZAM(02)2006/5D
-- 4
-- AVAILABLE
-- Nov 15, 2011
-- 03008287
-- Zambiana Collection
995 ## -
-- SPECIAL COLLECTIONS
-- 0.00
-- 03007210
-- CBU-MAIN LIBRARY (Kitwe)
-- 1
-- 0.00
-- GOV.ZAM(02)2006/5C
-- 3
-- AVAILABLE
-- Oct 19, 2010
-- 03007210
-- Zambiana Collection
995 ## -
-- SPECIAL COLLECTIONS
-- 0.00
-- GOV.ZAM.N37(02)2006
-- CBU-MAIN LIBRARY (Kitwe)
-- 1
-- 0.00
-- GOV.ZAM(02)2006/5A
-- 1
-- AVAILABLE
-- Apr 27, 2007
-- 03001948
-- Zambiana Collection
999 ## -
-- 83418
-- 83418
Holdings
Withdrawn status Lost status Source of classification or shelving scheme Damaged status Not for loan Permanent Location Current Location Shelving location Date acquired Total Checkouts Full call number Barcode Date last seen Copy number Price effective from Koha item type
          CBU-MAIN LIBRARY, KITWE. CBU-MAIN LIBRARY, KITWE.   10/30/2023   GOV.ZAM(02)2006/5B 03004022 10/30/2023 1 10/30/2023 SPECIAL COLLECTION
          CBU-MAIN LIBRARY, KITWE. CBU-MAIN LIBRARY, KITWE.   10/30/2023   GOV.ZAM(02)2006/5D 03008287 10/30/2023 2 10/30/2023 SPECIAL COLLECTION
          CBU-MAIN LIBRARY, KITWE. CBU-MAIN LIBRARY, KITWE.   10/30/2023   GOV.ZAM(02)2006/5C 03007210 10/30/2023 3 10/30/2023 SPECIAL COLLECTION
          CBU-MAIN LIBRARY, KITWE. CBU-MAIN LIBRARY, KITWE.   10/30/2023   GOV.ZAM(02)2006/5A 03001948 10/30/2023 4 10/30/2023 SPECIAL COLLECTION